000 00491nam a2200181 a 4500
005 20140310183157.0
008 021014s19uu xx 00 eng d
050 _aHF 5429
_b.L4828 2001
100 _aLevy, Michael
245 _aRetailing management /
_cMichael Levy.
250 _a4th
260 _aSingapore :
_bMcGraw -Hill Book Co.,
_c2001.
300 _a754 p. :
_bill. ;
_c25 cm.
521 _aBSBA
546 _aC1236
650 _aRetail trade
_xmanagement
942 _cBK
_2lcc
_kFOR
999 _c19785
_d19785